Les différents types de Stormtroopers dans Star Wars - Statistiques

Statistiques générales
  • Ce quiz a été pris 8 fois
  • Le résultat moyen est 6 sur 14
Statistiques - réponses
Par images Réponse % Correct
Snowtrooper
100%
Death Trooper
57%
Flametrooper
57%
Sandtrooper
57%
Range trooper
43%
Scout trooper
43%
Shoretrooper
43%
Stormtrooper
43%
Night Trooper
29%
Purge Trooper
29%
Shock trooper
29%
Elite Trooper
14%
Jumptrooper
14%
Spacetrooper
14%
Aucun quiz correspondant
Distribution des résultats
% des personnes avec chaque résultat
Percentile par nombre de réponses
Votre historique - résultats
Vous n’avez pas pris ce quiz